|
|
|
|
| LEADER |
00000nam1a2200000 4500 |
| 001 |
219555 |
| 005 |
20231031195120.0 |
| 010 |
|
|
|a 9785438700319
|
| 035 |
|
|
|a (RuTPU)RU\TPU\book\239639
|
| 090 |
|
|
|a 219555
|
| 100 |
|
|
|a 20120710d1999 k y0rusy50 ca
|
| 101 |
0 |
|
|a rus
|
| 102 |
|
|
|a RU
|
| 200 |
1 |
|
|a Проблемы управления рыночной экономикой
|e межрегиональный сборник научных трудов
|f Томский политехнический университет (ТПУ)
|
| 210 |
|
|
|a Томск
|c Изд-во ТПУ
|d 1999-
|
| 712 |
0 |
2 |
|a Томский политехнический университет (ТПУ)
|c (1991-2009)
|2 stltpush
|3 (RuTPU)RU\TPU\col\376
|
| 801 |
|
1 |
|a RU
|b 63413507
|c 20120710
|
| 801 |
|
2 |
|a RU
|b 63413507
|c 20120827
|g RCR
|
| 942 |
|
|
|c BK
|